000 00417nam a22001457a 4500
005 20240307001641.0
008 240306b |||||||| |||| 00| 0 eng d
082 _222
_a323.4
_bASI.
245 _aAsian human rights charter :
_bA people's charter /
_cAsian human rights commission .
260 _aHong Kong :
_bAsian Human Rights Commission
_c1988.
300 _a36 p.,
650 _apeace
650 _aRights
942 _cL
999 _c553
_d553